Croatian Football Players - Statistics

General Stats
  • This quiz has been taken 25 times
  • The average score is 5 of 10
Answers on the Grid
Answers color-coded by a green-red scale on the quiz's grid according to % correct below.
Luka Modrić
Nemanja Glavčić
Darijo Srna
Marko Bakić
Aleksandar Šćekić
Sead Hakšabanović
Vukan Savićević
Robert Prosinečki
Driton Camaj
Tihomir Kostadinov
David Babunski
Vedran Ćorluka
Gjoko Zajkov
Marjan Radeski
Darko Churlinov
Stipe Pletikosa
Nicolas Vouilloz
Ivan Rakitić
Uran Bislimi
Davor Šuker
Kevin Rüegg
Darian Males
Ivan Perišić
Leonidas Stergiou
Mihailo Ristić
Aleksandar Pešić
Mario Mandžukić
Uroš Račić
Nikola Čumić
Haris Hajradinović
Adnan Kovačević
Luka Menalo
Stjepan Lončar
Nemanja Bilbija
Zvonimir Boban
Qazim Laçi
 
Answer Stats
Answer % Correct
Luka Modrić
100%
Darijo Srna
67%
Ivan Perišić
61%
Ivan Rakitić
61%
Davor Šuker
56%
Mario Mandžukić
56%
Vedran Ćorluka
50%
Robert Prosinečki
39%
Stipe Pletikosa
28%
Zvonimir Boban
28%
No matching quizzes found
Score Distribution
Percent of People with Each Score
Percentile by Number Answered
Your Score History
You have not taken this quiz